China y América Latina. Nuevos enfoques sobre cooperación y desarrollo: ¿Una segunda Ruta de la Seda?

Gespeichert in:
Bibliographische Detailangaben
1. Verfasser: Cesarín, Sergio M (compilador)
Weitere Verfasser: Moneta, Carlos Juan (compilador)
Format: Buch
Sprache:Englisch
Spanisch
Veröffentlicht: Buenos Aires, Argentina BID-INTAL 2005
Schlagworte:
Tags: Tag hinzufügen
Keine Tags, Fügen Sie den ersten Tag hinzu!

MARC

LEADER 00000nam a22000007a 4500
003 CL-VaPUC
005 20211019074334.0
008 200123b ||||| |||| 00| 0 eng d
999 |c 379596  |d 379594 
020 |a 9507382216 
040 |c Pontificia Universidad Católica de Valparaíso 
041 0 |a spa 
082 |a 338.9 CES 2005 
100 1 |a Cesarín, Sergio M  |e compilador  |9 611790 
245 1 0 |a China y América Latina. Nuevos enfoques sobre cooperación y desarrollo:  |b  ¿Una segunda Ruta de la Seda? 
260 3 |a Buenos Aires, Argentina  |b BID-INTAL  |c 2005 
300 |a 314 páginas 
505 0 |a Primera parte: economía y política en las reformas. Segunda parte: China y América Latina, claves para una agenda de cooperación. 
583 |c 20200123  |k Daniel Castañeda 
650 0 0 |a Desarrollo económico y social   |9 256320 
650 0 0 |a Cambio social   |9 256857 
650 0 0 |a Relaciones Internacionales  |9 255740 
650 0 0 |a Cooperación internacional  |9 255447 
700 1 |a Moneta, Carlos Juan  |e compilador  |9 611791 
942 |2 ddc  |c BK 
952 |0 0  |1 0  |2 ddc  |4 0  |6 338_900000000000000_CES_2005  |7 0  |8 A  |9 500188  |a BIBGIM  |b BIBGIM  |d 2020-01-23  |i 561483K  |o 338.9 CES 2005  |p 561483K  |r 2025-01-15  |t 1  |w 2020-01-23  |y BK  |k ORI